00309pab a2200121 454500008004000000100001600040245005400056260000900110300000900119362000900128650003200137773001800169180718b1983 xxu||||| |||| 00| 0 eng d aReinken, J. aThe public service and minister - an appreciation c1983 a20-1 aDec. aCivil Service - New Zealand aPublic Sector